| 000 | 02472cam a2200505 i 4500 | ||
|---|---|---|---|
| 001 | xx004608551 | ||
| 003 | NUKAT | ||
| 005 | 20260409122901.0 | ||
| 008 | 190508s2019 pl |000 s pol c | ||
| 020 |
_a9788380983830 _q(oprawa twarda) : _czł 45,00 |
||
| 035 | _a(OCoLC)1103903949 | ||
| 035 | _a(NUKAT)xx004608551 | ||
| 040 |
_aKAT U/AW _bpol _erda _cKAT U/AWs _dKAT U/JP _dWA U/EBA _dWR O/GW _dOLSZT 008/bak |
||
| 045 | 2 |
_bd2005 _bd2010 |
|
| 046 |
_k2019 _o2005 _p2010 |
||
| 100 | 1 |
_aKurtyka, Janusz _d(1960-2010). _eAutor _939755 |
|
| 245 | 1 | 0 |
_aObudzić naród do wielkości : _bwystąpienia Janusza Kurtyki przed Parlamentem RP 2005-2010 / _cwybór Cecylia Kuta, Jarosław Tęsiorowski ; wstęp i opracowanie Cecylia Kuta ; Instytut Pamięci Narodowej - Komisja Ścigania Zbrodni przeciwko Narodowi Polskiemu. |
| 260 |
_aWarszawa : _bInstytut Pamięci Narodowej - Komisja Ścigania Zbrodni przeciwko Narodowi Polskiemu, _c2019. |
||
| 300 |
_a528 stron ; _c24 cm. |
||
| 336 |
_aTekst _btxt _2rdacontent |
||
| 337 |
_aBez urządzenia pośredniczącego _bn _2rdamedia |
||
| 338 |
_aWolumin _bnc _2rdacarrier |
||
| 380 | _aKsiążki | ||
| 380 | _aLiteratura faktu, eseje, publicystyka | ||
| 386 |
_mPrzynależność kulturowa _aLiteratura polska |
||
| 388 | 1 | _a2001- | |
| 600 | 1 | 7 |
_aKurtyka, Janusz _d(1960-2010) _2DBN _939756 |
| 600 | 1 | 7 |
_aKurtyka, Janusz _d(1960-2010) _xmyśl polityczna i społeczna. _2kaba _939757 |
| 610 | 2 | 7 |
_aInstytut Pamięci Narodowej _2DBN _939618 |
| 610 | 2 | 7 |
_aSejm Rzeczypospolitej Polskiej (1989- ) _2DBN _939758 |
| 610 | 2 | 7 |
_aSenat RP (2005-2007) _2DBN _939759 |
| 610 | 2 | 7 |
_aSenat RP (2007-2011) _2DBN _939760 |
| 610 | 2 | 7 |
_aInstytut Pamięci Narodowej - Komisja Ścigania Zbrodni przeciwko Narodowi Polskiemu. _2kaba _911792 |
| 610 | 1 | 7 |
_aPolska. _bSenat Rzeczypospolitej Polskiej (1989- ) _vsprawozdania z obrad. _2kaba _939761 |
| 648 | 7 |
_a2001- _2DBN _936393 |
|
| 650 | 7 |
_aPolityka wewnętrzna _2DBN _935353 |
|
| 651 | 7 |
_aPolska _2DBN _935076 |
|
| 651 | 7 |
_aPolska _xpolityka i rządy _y1989- _vprzemówienia parlamentarne. _2kaba _939762 |
|
| 655 | 7 |
_aMowy parlamentarne _2DBN _939116 |
|
| 700 | 1 |
_aKuta, Cecylia _d(1974- ). _eOpracowanie _eWstęp _eWybór _914919 |
|
| 700 | 1 |
_aTęsiorowski, Jarosław. _eWybór _939754 |
|
| 710 | 2 |
_aInstytut Pamięci Narodowej - Komisja Ścigania Zbrodni przeciwko Narodowi Polskiemu. _eInstytucja sprawcza _eWydawca _4pbl _911792 |
|
| 920 | _a978-83-8098-383-0 (oprawa twarda) : zł 45,00 | ||
| 942 |
_2ddc _cBK_NM |
||
| 999 |
_c27498 _d27498 |
||